<?xml version="1.0" encoding="UTF-8"?>
<record
    xmlns:xsi="http://www.w3.org/2001/XMLSchema-instance"
    xsi:schemaLocation="http://www.loc.gov/MARC21/slim http://www.loc.gov/standards/marcxml/schema/MARC21slim.xsd"
    xmlns="http://www.loc.gov/MARC21/slim">

  <leader>01029nam a2200241 i 4500</leader>
  <controlfield tag="001">75836</controlfield>
  <controlfield tag="003">ES-MaACL</controlfield>
  <controlfield tag="005">20250801152639.0</controlfield>
  <controlfield tag="007">t|</controlfield>
  <controlfield tag="008">040928s1951    sp f         |||| | spa d</controlfield>
  <datafield tag="100" ind1="1" ind2=" ">
    <subfield code="a">Ma&#xF1;&#xE1; Alcoverro, Joaqu&#xED;n.</subfield>
    <subfield code="9">76245</subfield>
  </datafield>
  <datafield tag="245" ind1="1" ind2="0">
    <subfield code="a">Grave caso de conciencia en el matrimonio </subfield>
    <subfield code="b">: el m&#xE9;todo Ogino a la luz de la teolog&#xED;a moral / </subfield>
    <subfield code="c">por Joaqu&#xED;n Ma&#xF1;a Alcoverro. Las fases de infecundidad peri&#xF3;dica en la mujer para la aplicaci&#xF3;n del m&#xE9;todo Ogino-Knaus / por Eduardo Terrado Tintor&#xE9;.</subfield>
  </datafield>
  <datafield tag="250" ind1=" " ind2=" ">
    <subfield code="a">9&#xAA; ed.</subfield>
  </datafield>
  <datafield tag="260" ind1=" " ind2=" ">
    <subfield code="a">Barcelona : </subfield>
    <subfield code="b">Pontificia : </subfield>
    <subfield code="b">Eugenio Subirana, </subfield>
    <subfield code="c">1951.</subfield>
  </datafield>
  <datafield tag="300" ind1=" " ind2=" ">
    <subfield code="a">226 p., 7 l&#xE1;m. ; </subfield>
    <subfield code="c">19 cm.</subfield>
  </datafield>
  <datafield tag="490" ind1="1" ind2=" ">
    <subfield code="a">Amor, matrimonio y familia ; </subfield>
    <subfield code="v">5</subfield>
  </datafield>
  <datafield tag="650" ind1=" " ind2="4">
    <subfield code="a">M&#xE9;todo Ogino.</subfield>
    <subfield code="9">170794</subfield>
  </datafield>
  <datafield tag="700" ind1="1" ind2=" ">
    <subfield code="a">Terrades Tintor&#xE9;, Eduardo.</subfield>
    <subfield code="9">109773</subfield>
  </datafield>
  <datafield tag="740" ind1="4" ind2="2">
    <subfield code="a">Las fases de infecundidad peri&#xF3;dica en la mujer para la aplicaci&#xF3;n del m&#xE9;todo Ogino-Knaus.</subfield>
  </datafield>
  <datafield tag="830" ind1="1" ind2="0">
    <subfield code="a">Amor, matrimonio, familia</subfield>
    <subfield code="v">5</subfield>
    <subfield code="9">183870</subfield>
  </datafield>
  <datafield tag="852" ind1="4" ind2=" ">
    <subfield code="a">ES-MaACL</subfield>
    <subfield code="j">D-5546</subfield>
  </datafield>
  <datafield tag="999" ind1=" " ind2=" ">
    <subfield code="c">75836</subfield>
    <subfield code="d">75836</subfield>
  </datafield>
  <datafield tag="952" ind1=" " ind2=" ">
    <subfield code="0">0</subfield>
    <subfield code="1">0</subfield>
    <subfield code="4">0</subfield>
    <subfield code="7">0</subfield>
    <subfield code="a">ATENEOM</subfield>
    <subfield code="b">ATENEOM</subfield>
    <subfield code="c">SVI</subfield>
    <subfield code="d">2008-01-17</subfield>
    <subfield code="e">SC</subfield>
    <subfield code="l">0</subfield>
    <subfield code="o">D-5546</subfield>
    <subfield code="p">901079374</subfield>
    <subfield code="r">2023-02-23 00:00:00</subfield>
    <subfield code="w">2023-02-23</subfield>
    <subfield code="y">MONOGRAFIA</subfield>
  </datafield>
</record>
